[Event "Titled Tuesday intern op 28th Feb Early"]
[Site "Chess.com INT"]
[Date "2023.02.28"]
[Round "2"]
[White "Borges da Silva, Rodrigo"]
[Black "Ronka, Erik"]
[Result "0-1"]
[WhiteElo "2199"]
[BlackElo "2277"]
[PlyCount "72"]
[EventDate "2023.02.28"]
[EventType "swiss (blitz)"]
[EventRounds "11"]
[EventCountry "USA"]
[SourceTitle "CBM 213 Extra"]
[Source "ChessBase"]
[SourceDate "2023.05.31"]
[SourceVersion "1"]
[SourceVersionDate "2023.05.31"]
[SourceQuality "1"]

1. e4 c5 2. Nf3 b6 3. d4 cxd4 4. Nxd4 Bb7 5. Nc3 a6 6. g3 e6 7. Bg2 d6 8. 0-0 Qc7 9. Re1 Nf6 10. Be3 Be7 11. h3 0-0 12. Qd2 Nc6 13. f4 Nxd4 14. Qxd4 b5 15. g4 e5 16. Qd2 exf4 17. Bxf4 Nd7 18. Nd5 Bxd5 19. exd5 Bf6 20. c3 Be5 21. Bxe5 Nxe5 22. Kh1 Rab8 23. a4 Rfc8 24. axb5 axb5 25. Qd4 Qc5 26. Qxc5 Rxc5 27. Ra7 h6 28. Kh2 b4 29. Re3 bxc3 30. bxc3 Kf8 31. Rxe5 dxe5 32. d6 Rd8 33. d7 Ke7 34. c4 Rxc4 35. Bd5 Rc5 36. Be4 Rxd7 0-1

[Event "Titled Tuesday intern op 28th Feb Early"]
[Site "Chess.com INT"]
[Date "2023.02.28"]
[Round "1"]
[White "Czopor, Maciej"]
[Black "Borges da Silva, Rodrigo"]
[Result "1-0"]
[WhiteElo "2412"]
[BlackElo "2199"]
[PlyCount "71"]
[EventDate "2023.02.28"]
[EventType "swiss (blitz)"]
[EventRounds "11"]
[EventCountry "USA"]
[SourceTitle "CBM 213 Extra"]
[Source "ChessBase"]
[SourceDate "2023.05.31"]
[SourceVersion "1"]
[SourceVersionDate "2023.05.31"]
[SourceQuality "1"]

1. c4 e5 2. Nc3 Nc6 3. e3 Nf6 4. a3 d5 5. cxd5 Nxd5 6. Qc2 Be7 7. Nf3 0-0 8. Be2 Be6 9. 0-0 f6 10. b4 Nxc3 11. Qxc3 Qd7 12. Bb2 a6 13. d3 Rfd8 14. Rac1 Rac8 15. Rfd1 Bf8 16. Nd2 Qf7 17. Ne4 Ne7 18. Nc5 Nd5 19. Qc2 Bxc5 20. Qxc5 c6 21. Bf3 Ne7 22. d4 exd4 23. Rxd4 Rxd4 24. Bxd4 Bd5 25. Be2 Qg6 26. Bf1 Nf5 27. Qxd5+ cxd5 28. Rxc8+ Kf7 29. Rc7+ Ke6 30. Bc5 Nd6 31. Bxd6 Kxd6 32. Rxb7 a5 33. bxa5 Qc2 34. a6 Qa4 35. a7 Qxa3 36. Rb6+ 1-0

[Event "Titled Tuesday intern op 28th Feb Early"]
[Site "Chess.com INT"]
[Date "2023.02.28"]
[Round "4"]
[White "Mirzanurov, Bulat"]
[Black "Borges da Silva, Rodrigo"]
[Result "1-0"]
[WhiteElo "2232"]
[BlackElo "2199"]
[PlyCount "73"]
[EventDate "2023.02.28"]
[EventType "swiss (blitz)"]
[EventRounds "11"]
[EventCountry "USA"]
[SourceTitle "CBM 213 Extra"]
[Source "ChessBase"]
[SourceDate "2023.05.31"]
[SourceVersion "1"]
[SourceVersionDate "2023.05.31"]
[SourceQuality "1"]

1. e4 c5 2. Nf3 d6 3. d4 cxd4 4. Nxd4 Nf6 5. f3 Nc6 6. Nc3 e5 7. Nb3 Be7 8. Be3 0-0 9. Qd2 a5 10. a4 Be6 11. 0-0-0 Rc8 12. Kb1 Nb4 13. g4 Qc7 14. g5 Nh5 15. Bd3 Nxd3 16. Qxd3 f5 17. Nb5 Qd7 18. Nxd6 Qxa4 19. Nxf5 Bxf5 20. exf5 Nf4 21. Qe4 Qc6 22. Bxf4 exf4 23. h4 Bb4 24. Qd5+ Kh8 25. Qxc6 Rxc6 26. Rd5 a4 27. Nd4 Rd6 28. Rxd6 Bxd6 29. Re1 Bc5 30. Ne6 Bf2 31. Rd1 Re8 32. h5 Bb6 33. g6 h6 34. Rd7 Be3 35. Rxg7 Rxe6 36. Rh7+ Kg8 37. fxe6 1-0

[Event "Titled Tuesday intern op 21st Feb Early"]
[Site "Chess.com INT"]
[Date "2023.02.21"]
[Round "6"]
[White "Nasta, Kiren Vivek"]
[Black "Borges da Silva, Rodrigo"]
[Result "1-0"]
[WhiteElo "1865"]
[BlackElo "2199"]
[PlyCount "141"]
[EventDate "2023.02.21"]
[EventType "swiss (blitz)"]
[EventRounds "11"]
[EventCountry "USA"]
[SourceTitle "CBM 212 Extra"]
[Source "ChessBase"]
[SourceDate "2023.03.31"]
[SourceVersion "1"]
[SourceVersionDate "2023.03.31"]
[SourceQuality "1"]

1. e4 c5 2. Nf3 d6 3. d4 cxd4 4. Nxd4 Nf6 5. Nc3 a6 6. Be2 e6 7. Be3 Be7 8. 0-0 0-0 9. f4 Qc7 10. a4 Nc6 11. Kh1 Re8 12. Bf3 Bd7 13. Nb3 b6 14. Bg1 Rab8 15. Qe2 Bc8 16. Qc4 Bb7 17. Nd4 Rbc8 18. Nb3 Nd7 19. Qe2 Nc5 20. Nxc5 bxc5 21. f5 Nd4 22. Bxd4 cxd4 23. fxe6 fxe6 24. Bg4 Bf6 25. Nd1 Qxc2 26. Qf3 Bxe4 27. Qh3 Kh8 28. Nf2 Bf5 29. Bxf5 Qxf5 30. Qxf5 exf5 31. Nd3 g6 32. h3 a5 33. Rac1 Kg7 34. Nf4 Rc5 35. Rce1 Rxe1 36. Rxe1 Rc4 37. Re6 Be5 38. Nd3 Kf7 39. Rxe5 Rxa4 40. Rb5 Ke6 41. Kh2 g5 42. Kg3 Ra1 43. Kf2 Rd1 44. Ke2 Rg1 45. Kf2 Rd1 46. Ne1 Rd2+ 47. Kf1 h5 48. Nf3 Rd1+ 49. Ke2 Rb1 50. Nxd4+ Kf6 51. Nxf5 a4 52. Nxd6 a3 53. bxa3 Ra1 54. Ra5 Ra2+ 55. Kf1 g4 56. hxg4 hxg4 57. g3 Ke6 58. Ne4 Kf7 59. Ra8 Ke6 60. a4 Ke5 61. Nf2 Kd4 62. a5 Ke3 63. Nxg4+ Kf3 64. Ne5+ Kxg3 65. a6 Kf4 66. a7 Ra1+ 67. Ke2 Ra2+ 68. Kd3 Ra3+ 69. Kc4 Ke4 70. Nd3 Ra4+ 71. Kb5 1-0

[Event "BRA RS-ch"]
[Site "Carazinho"]
[Date "2008.10.??"]
[Round "2"]
[White "Borges da Silva, Rodrigo"]
[Black "Pertuzatti, Daniel"]
[Result "1/2-1/2"]
[WhiteElo "2247"]
[BlackElo "2011"]
[PlyCount "46"]
[EventDate "2008.10.??"]
[EventType "swiss"]
[EventRounds "7"]
[EventCountry "BRA"]
[SourceTitle "EXT 2022"]
[Source "ChessBase"]
[SourceDate "2021.10.06"]
[SourceVersion "1"]
[SourceVersionDate "2021.10.06"]
[SourceQuality "1"]

1. e4 Nf6 2. e5 Nd5 3. d4 d6 4. Nf3 Bg4 5. Be2 e6 6. 0-0 Be7 7. h3 Bh5 8. c4 Nb6 9. exd6 cxd6 10. Nc3 N8d7 11. Be3 Rc8 12. b3 0-0 13. Qd2 Nf6 14. Rab1 d5 15. c5 Nbd7 16. Rfc1 Ne4 17. Nxe4 dxe4 18. Ne5 Bxe2 19. Qxe2 Nf6 20. Bg5 Qd5 21. Qc4 Rfd8 22. Qxd5 Nxd5 23. Bxe7 Nxe7 1/2-1/2

[Event "BRA RS-ch"]
[Site "Carazinho"]
[Date "2008.10.??"]
[Round "5"]
[White "Gattass, Allan Arriada"]
[Black "Borges da Silva, Rodrigo"]
[Result "1-0"]
[WhiteElo "2223"]
[BlackElo "2247"]
[PlyCount "57"]
[EventDate "2008.10.??"]
[EventType "swiss"]
[EventRounds "7"]
[EventCountry "BRA"]
[SourceTitle "EXT 2022"]
[Source "ChessBase"]
[SourceDate "2021.10.06"]
[SourceVersion "1"]
[SourceVersionDate "2021.10.06"]
[SourceQuality "1"]

1. e4 c5 2. Nf3 d6 3. d4 cxd4 4. Nxd4 Nf6 5. Nc3 a6 6. Bc4 e6 7. Bb3 Be7 8. g4 h6 9. Be3 Qa5 10. f3 b5 11. Qe2 Bb7 12. 0-0-0 Nbd7 13. h4 Nc5 14. g5 Nh5 15. gxh6 g6 16. Qg2 b4 17. Nb1 Nxb3+ 18. axb3 e5 19. Ne6 Rc8 20. Ng7+ Nxg7 21. hxg7 Rg8 22. Bg5 Bxg5+ 23. hxg5 Ke7 24. Rh7 Qc5 25. Qd2 Rc7 26. Qd3 Rgc8 27. Nd2 a5 28. Rh8 Ba6 29. Nc4 1-0